El Congreso de Panamá en 1826 / (Record no. 146041)

MARC details
000 -LEADER
campo de control de longitud fija 00497nam a2200169 i 4500
001 - NÚMERO DE CONTROL
campo de control 146041
003 - IDENTIFICADOR DE NÚMERO DE CONTROL
campo de control ES-MaACL
005 - FECHA Y HORA DE LA ÚLTIMA TRANSACCIÓN
campo de control 20230906201408.0
007 - CAMPO FIJO DE DESCRIPCIÓN FÍSICA--INFORMACIÓN GENERAL
campo de control de longitud fija t|
008 - DATOS DE LONGITUD FIJA--INFORMACIÓN GENERAL
campo de control de longitud fija 071018s1926 pn ||||1| spa d
100 1# - ENTRADA PRINCIPAL--NOMBRE DE PERSONA
Nombre de persona Velarde, Fabián.
9 (RLIN) 113702
245 13 - MENCIÓN DEL TÍTULO
Título El Congreso de Panamá en 1826 /
Mención de responsabilidad, etc. por Fabián Velarde y Felipe L. Escobar.
260 ## - PUBLICACIÓN, DISTRIBUCIÓN, ETC.
Lugar de publicación, distribución, etc. Panamá :
Nombre del editor, distribuidor, etc. [s.n.,
Fecha de publicación, distribución, etc. 1926] (
Fabricante Tip. Moderna)
300 ## - DESCRIPCIÓN FÍSICA
Extensión 168 p. ;
Dimensiones 21 cm.
700 1# - ENTRADA AGREGADA--NOMBRE PERSONAL
Nombre de persona Escobar, Felipe L.
9 (RLIN) 47548
852 ## - LOCALIZACIÓN
Ubicación ES-MaACL
Número de control de estantería F-4301
Holdings
Estatus retirado Estado de pérdida Estado de daño No para préstamo Biblioteca de origen Biblioteca actual Ubicación en estantería Fecha de adquisición Fuente de adquisición Total de préstamos Signatura topográfica completa Código de barras Visto por última vez Precio de reemplazo Tipo de ítem Koha
        Biblioteca del Ateneo de Madrid Biblioteca del Ateneo de Madrid Depósito 2 17/01/2008     F-4301 1152434 23/02/2023 23/02/2023 Libro impreso